| 000 | 00459nam a2200229Ia 4500 | ||
|---|---|---|---|
| 003 | IT-RoPAU | ||
| 008 | 120407s9999 xx 000 0 und d | ||
| 040 | _aIT-RoPAU | ||
| 040 | _cIT-RoPAU | ||
| 041 | _aita | ||
| 100 | _aTeofilo Folengo | ||
| 245 | _aOpere. | ||
| 250 | _aMilano | ||
| 260 | _aRicciardi | ||
| 260 | _c1977 | ||
| 300 | _a1110 p. | ||
| 300 | _c23 cm | ||
| 490 | _aLetterat. It. | ||
| 490 | _v126,1 | ||
| 942 | _cBK | ||
| 999 |
_c24416 _d24416 |
||